000 00440nam a2200181Ia 4500
001 46857
008 140429s9999 xx 000 0 und d
020 _aNA
040 _cPK-LaUMT
082 _aRHC 891.4394
_bASA-I
100 _aAsad Gilani
245 _aIntizaar (Urdu)
_cAsad Gilani
260 _aSargoda,Pakistan:
_bAzad Book Depot,
_c1961
300 _a112 p.
546 _aUR
650 _aPakistani literature-Urdu
942 _cBK
999 _c44806
_d44806